| 000 | 00000nam 2200000zi 4500 |
| 001 | 9.940565 |
| 003 | CaOODSP |
| 005 | 20240716082217 |
| 006 | m o d f |
| 007 | cr bn||||||||| |
| 008 | 240712t20242024onc oz f000 0 eng d |
| 020 | |a9780660727738 |
| 040 | |aCaOODSP|beng|erda|cCaOODSP |
| 041 | 0 |aeng|afre |
| 043 | |an-cn--- |
| 086 | 1 |aFR4-2016/18-PDF |
| 130 | 0 |aConvention on the International Hydrographic Organization |d(1967). |kProtocols, etc., |d2005 April 14. |
| 245 | 10|aNavigation - Protocol of Amendments to the Convention on the International Hydrographic Organization = |bNavigation - Protocole visant à modifier la Convention relative à l'Organisation hydrographique internationale. |
| 246 | 11|aNavigation - Protocole visant à modifier la Convention relative à l'Organisation hydrographique internationale |
| 264 | 1|a[Ottawa] : |bTreaty Law Division of the Department of Foreign Affairs, Trade and Development = Direction du droit des traités du Ministère des affaires étrangères, du commerce et du développement, |c[2024] |
| 264 | 4|c©2024 |
| 300 | |a1 online resource (10, 10 pages). |
| 336 | |atext|btxt|2rdacontent |
| 337 | |acomputer|bc|2rdamedia |
| 338 | |aonline resource|bcr|2rdacarrier |
| 490 | 1 |aTreaty series = |aRecueil des traités ; |v2016/18 |
| 500 | |a"Adopted at Monaco on 14 April 2005. In Force on 8 November 2016. In Force for Canada on 8 November 2016." |
| 500 | |aAlternate pages have duplicate numbering. |
| 520 | |a"The International Hydrographic Organization is a competent international organization, as referred to in the United Nations Convention on the Law of the Sea, which coordinates on a worldwide basis the setting of standards for the production of hydrographic data and the provision of hydrographic services and which facilitates capacity building of national hydrographic services"--Article 1, page 1. |
| 546 | |aText in English and French. |
| 610 | 20|aInternational Hydrographic Organization. |
| 650 | 0|aHydrography. |
| 651 | 0|aCanada|xForeign relations|vTreaties. |
| 655 | 7|aTreaties|2lcgft |
| 710 | 1 |aCanada. |bGlobal Affairs Canada. |bTreaty Law Division, |eissuing body. |
| 710 | 1 |aCanada, |eparticipant in a treaty. |
| 788 | |tNavigation - Protocol of Amendments to the Convention on the International Hydrographic Organization = |efre|w(CaOODSP)9.940566 |
| 830 | #0|aCanada treaty series ;|v2016/18.|w(CaOODSP)9.811730 |
| 856 | 40|qPDF|s397 KB|uhttps://publications.gc.ca/collections/collection_2024/amc-gac/FR4-2016-18.pdf |